00719nam a22001937a 4500001000500000005001700005020001700022040002700039050001800066082000800084100005100092245004000143260003400183300002900217505000600246520022800252521002700480521001800507160420241022085840.0 a780009007223 aFISKHbengerdacFISKH aPZ7.S88731997 aFic aMilne, A. A.d1882-1956.qAlan Alexander Milne00aWinnie the Pooh Storybook Treasury. aGlendale :bMouseWorks,c1997 a190 pages:c32 x 24 cm aO a"It's Positively Pooh-ish. Four original stories featuring Pooh and his friends in the Hundred-Acre Wood are yours in this incredible story collection! There's nothing more satisfying than a smackerel of Pooh!" -back cover. a830 bLexile estimate aO bRaz-Plus